| 000 | 00621nam a22002177a 4500 | ||
|---|---|---|---|
| 003 | ITZ | ||
| 005 | 20230918135743.0 | ||
| 008 | 230918b |||||||| |||| 00| 0 spa d | ||
| 020 | _a978-607-481-641-9 | ||
| 035 | _a17513 | ||
| 041 | _aspa | ||
| 050 |
_aHA29 _bA53 2012 |
||
| 082 |
_a519.5 _bA546e 2012 |
||
| 100 | 1 | _aAnderson, David Ray | |
| 245 |
_aEstadística para negocios y economía _cDavid Ray Anderson |
||
| 250 | _a11 | ||
| 260 |
_aMéxico _bCengage, Learning _c2016 |
||
| 300 |
_axxv11, 1980 p., il. / _c27 cm. |
||
| 650 | _a1. ESTADÍSTICA 2. CIENCIAS SOCIALES- MÉTODOS ESTADÍSTICOS | ||
| 942 | _cBK | ||
| 999 |
_c29130 _d29130 |
||